| 000 | 00883nam a22002417a 4500 | ||
|---|---|---|---|
| 003 | 0 | ||
| 005 | 20251018105722.0 | ||
| 008 | 251018b xxu||||| |||| 00| 0 eng d | ||
| 020 | _a978-1-250-20410-3 | ||
| 050 |
_aPZ 7.1 _b.F85 2021 |
||
| 100 |
_aFujimura, Sara, _eauthor. |
||
| 245 |
_aFaking reality / _cSara Fujimura. |
||
| 250 | _aFirst edition. | ||
| 260 |
_aNew York : _bTor Teen, an imprint of Tom Doherty Associates, _c2021. |
||
| 300 |
_a311 pages ; _c22 cm |
||
| 500 | _aIncludes acknowledgments and author’s note. | ||
| 520 | _aA Japanese American teen influencer balances her real life and online persona when her family’s home renovation show takes a personal turn. | ||
| 650 |
_aReality television programs _vFiction. |
||
| 650 |
_aSocial media _vFiction. |
||
| 650 |
_aJapanese Americans _vFiction. |
||
| 650 | _aYoung adult fiction. | ||
| 942 |
_2lcc _cBK |
||
| 999 |
_c368273 _d368273 |
||